000 00298nam a2200109Ia 4500
008 190216s9999||||xx |||||||||||||| ||und||
100 _aMote V L&Amp; Samuel Paul
245 0 _aManagerial Economics Concepts And Cases
260 _bPearson Education International
_c1988
300 _a354p
942 _cBK
999 _c5788
_d5788